Zahrnutie váh a ich neistoty do kvantifikácie v rámci pyramidálneho rozkladu finančného ukazovateľa
Problematika pyramidálneho rozkladu a kvantifikácie vplyvu parciálnych činiteľov na zmenu syntetického ukazovateľa a prezentácia metodologického postupu na zahrnutie váh vyjadrujúcich rôznu dôležitosť parciálnych činiteľov.
Saved in:
| Main Author: | |
|---|---|
| Other Authors: | |
| Format: | Book Chapter |
| Language: | Slovak |
| Subjects: | |
| Tags: |
No Tags, Be the first to tag this record!
|
MARC
| LEADER | 00000naa a2200000 4500 | ||
|---|---|---|---|
| 001 | 0214014 | ||
| 005 | 20221019174121.4 | ||
| 041 | 0 | |a slo | |
| 044 | |a SK | ||
| 245 | 1 | 0 | |a Zahrnutie váh a ich neistoty do kvantifikácie v rámci pyramidálneho rozkladu finančného ukazovateľa |c Martin Boďa, Vladimír Úradníček |
| 520 | |a Problematika pyramidálneho rozkladu a kvantifikácie vplyvu parciálnych činiteľov na zmenu syntetického ukazovateľa a prezentácia metodologického postupu na zahrnutie váh vyjadrujúcich rôznu dôležitosť parciálnych činiteľov. | ||
| 610 | 2 | 0 | |a ukazovatele finančné |
| 610 | 2 | 0 | |a analýza finančná |
| 610 | 2 | 0 | |a analýza pyramídová |
| 610 | 2 | 0 | |a ukazovatele výkonnosti |
| 610 | 2 | 0 | |a hodnota pridaná ekonomická |
| 610 | 2 | 0 | |a ukazovateľ EVA |
| 100 | 1 | |a Boďa, Martin | |
| 700 | 1 | |a Úradníček, Vladimír | |